000
00283nam a2200109Ia 4500
008
230907s9999||||xx |||||||||||||| ||und||
082
_a
621.31924
_b
ALE
245
0
_a
Fundamentals of electric circuits /
260
_a
McGraw-Hill,
_b
New Delhi :
_c
2017
300
_a
903 p.
942
_c
BK
999
_c
600538
_d
600538